header

Eurozone job crisis (Record no. 160138)

MARC details
000 -LEADER
fixed length control field 01254nam a2200325Ia 4500
245 00 - TITLE STATEMENT
Title Eurozone job crisis
260 ## - PUBLICATION, DISTRIBUTION, ETC. (IMPRINT)
Place of publication Geneva :
Name of publisher International Labour Office,
Year of publication 2012.
300 ## - PHYSICAL DESCRIPTION
Number of Pages 57 p.
650 #0 - SUBJECT ADDED ENTRY--TOPICAL TERM
Topical Term Labor market
Topical Term Unemployment
856 40 - ELECTRONIC LOCATION AND ACCESS
Uniform Resource Identifier http://site.ebrary.com/lib/rucke/Doc?id=10622496

No items available.

© 2026 Rongo University
Contact us: librarian | system librarian | Rongo university